[Event "Aragon-chT"]
[Site "Aragon"]
[Date "2009.02.07"]
[Round "3"]
[White "Rodriguez Rodriguez, Manuel"]
[Black "Buil Montanes, Carlos"]
[Result "1/2-1/2"]
[WhiteElo "1899"]
[BlackElo "1898"]
[PlyCount "117"]
[EventDate "2009.01.24"]
[EventType "team-swiss"]
[EventRounds "9"]
[EventCountry "ESP"]
[SourceTitle "EXT 2011"]
[Source "ChessBase"]
[SourceDate "2010.11.26"]
[SourceVersion "1"]
[SourceVersionDate "2010.11.26"]
[SourceQuality "1"]

1. d4 d5 2. Nf3 Nf6 3. e3 Bg4 4. Be2 e6 5. Nbd2 Nbd7 6. c3 Bd6 7. Qb3 Rb8 8. h3 Bh5 9. c4 c6 10. c5 Bc7 11. Qc2 0-0 12. 0-0 Bg6 13. Bd3 Bxd3 14. Qxd3 b6 15. cxb6 axb6 16. b3 e5 17. dxe5 Nxe5 18. Qf5 Qd7 19. Qxd7 Nfxd7 20. Nd4 c5 21. Nb5 Rb7 22. a4 Bb8 23. Bb2 f5 24. Rad1 Nf6 25. Bxe5 Bxe5 26. Nf3 Bb8 27. Nd2 f4 28. Nc3 fxe3 29. fxe3 Re8 30. Rf3 Rbe7 31. Nf1 Rd7 32. Rf5 Re5 33. Rxe5 Bxe5 34. Ne2 Ne4 35. g4 Kf7 36. Kg2 Ke6 37. Nd2 Nxd2 38. Rxd2 Rf7 39. Rc2 Kd6 40. Nc3 Bxc3 41. Rxc3 Kc6 42. Rd3 Re7 43. Kf3 Re4 44. Ke2 c4 45. bxc4 Rxc4 46. Ra3 Kc5 47. Kd3 Kb4 48. Ra1 Ka5 49. Rf1 h5 50. Rf5 hxg4 51. hxg4 Rxa4 52. g5 Kb5 53. g6 Ra3+ 54. Kd4 Kc6 55. Rf7 Ra4+ 56. Kd3 Rg4 57. Rxg7 b5 58. Rg8 b4 59. Rb8 1/2-1/2

[Event "Aragon-chT"]
[Site "Aragon"]
[Date "2008.04.26"]
[Round "12"]
[White "Lafarga Santorroman, David"]
[Black "Rodriguez Rodriguez, Manuel"]
[Result "1-0"]
[WhiteElo "2278"]
[BlackElo "1927"]
[PlyCount "137"]
[EventDate "2008.02.02"]
[EventType "team-swiss"]
[EventRounds "12"]
[EventCountry "ESP"]
[SourceTitle "EXT 2011"]
[Source "ChessBase"]
[SourceDate "2010.11.26"]
[SourceVersion "1"]
[SourceVersionDate "2010.11.26"]
[SourceQuality "1"]

1. d4 d5 2. c4 c6 3. Nf3 Nf6 4. e3 e6 5. Nbd2 Bd6 6. Bd3 Nbd7 7. 0-0 0-0 8. e4 dxe4 9. Nxe4 Nxe4 10. Bxe4 f5 11. Bc2 Nf6 12. b3 Qc7 13. Bb2 Ng4 14. h3 Nh2 15. Re1 Nxf3+ 16. Qxf3 Qf7 17. Re2 Bd7 18. c5 Bc7 19. b4 Rae8 20. Bb3 Kh8 21. Rae1 Qg6 22. Bc4 a6 23. Bc1 h6 24. Bf4 Bxf4 25. Qxf4 Bc8 26. Re5 Bd7 27. R5e3 Bc8 28. Kh2 Qf6 29. Re5 Bd7 30. Qe3 Re7 31. Kg1 Rfe8 32. Bd3 f4 33. Qe4 g5 34. a4 Rg7 35. f3 Rge7 36. Rb1 Ra8 37. Kh2 Be8 38. Re1 Bd7 39. Bc4 Rae8 40. Qe2 Qg7 41. Bb3 Qf6 42. Bc2 Qf7 43. Be4 Qf6 44. Rb1 Rd8 45. Qc4 Be8 46. Re1 Bd7 47. Bc2 Ra8 48. Qd3 Rae8 49. Bb3 Kg7 50. Bc4 Kh8 51. Qe2 Kg7 52. b5 axb5 53. axb5 Qg6 54. Bd3 Qf6 55. Be4 Kh8 56. bxc6 Bxc6 57. Bxc6 bxc6 58. Qe4 Rc7 59. Rxe6 Rxe6 60. Qxe6 Qxe6 61. Rxe6 Kg7 62. h4 Rc8 63. Kh3 Rd8 64. hxg5 hxg5 65. Rd6 Rxd6 66. cxd6 Kf6 67. Kg4 Ke6 68. Kxg5 Kxd6 69. Kxf4 1-0

[Event "ESP Autonomico-chT Promocion"]
[Site "Spain"]
[Date "2006.04.29"]
[Round "12.25"]
[White "Bescos Cortes, Daniel"]
[Black "Rodriguez Rodriguez, Manuel"]
[Result "1-0"]
[WhiteElo "2231"]
[BlackElo "1916"]
[PlyCount "59"]
[EventDate "2006.04.29"]
[EventType "team"]
[EventRounds "1"]
[EventCountry "ESP"]
[SourceTitle "EXT 2007"]
[Source "ChessBase"]
[SourceDate "2006.11.23"]
[SourceVersion "1"]
[SourceVersionDate "2006.11.23"]
[SourceQuality "1"]

1. e4 c5 2. Nc3 Nc6 3. g3 g6 4. Bg2 Bg7 5. d3 d6 6. Be3 Nh6 7. h3 f5 8. Qd2 Nf7 9. Nge2 Rb8 10. 0-0 0-0 11. d4 cxd4 12. Nxd4 Nfe5 13. Qe2 Nxd4 14. Bxd4 Nf3+ 15. Bxf3 Bxd4 16. Qc4+ d5 17. Qxd4 dxe4 18. Qxa7 Qc7 19. Bg2 Be6 20. Rfd1 f4 21. Nxe4 fxg3 22. fxg3 Bf5 23. Qc5 Qxc5+ 24. Nxc5 Bxc2 25. Re1 Rf5 26. Nxb7 e5 27. Rac1 Bd3 28. Nc5 e4 29. b3 Ra8 30. Nxd3 1-0